Questions actuelles : à propos de la réalité de l'église
| Main Author: | |
|---|---|
| Format: | Electronic Article |
| Language: | French |
| Check availability: | HBZ Gateway |
| Interlibrary Loan: | Interlibrary Loan for the Fachinformationsdienste (Specialized Information Services in Germany) |
| Published: |
1928
|
| In: |
Revue de théologie et de philosophie
Year: 1928, Volume: 16, Pages: 231-238 |
| Online Access: |
Volltext (kostenfrei) Volltext (kostenfrei) |
MARC
| LEADER | 00000caa a22000002c 4500 | ||
|---|---|---|---|
| 001 | 1806058626 | ||
| 003 | DE-627 | ||
| 005 | 20220608141359.0 | ||
| 007 | cr uuu---uuuuu | ||
| 008 | 220604s1928 xx |||||o 00| ||fre c | ||
| 024 | 7 | |a 10.5169/seals-380148 |2 doi | |
| 035 | |a (DE-627)1806058626 | ||
| 035 | |a (DE-599)KXP1806058626 | ||
| 040 | |a DE-627 |b ger |c DE-627 |e rda | ||
| 041 | |a fre | ||
| 084 | |a 1 |2 ssgn | ||
| 100 | 1 | |a Rivier, Charles |e VerfasserIn |4 aut | |
| 245 | 1 | 0 | |a Questions actuelles : à propos de la réalité de l'église |
| 264 | 1 | |c 1928 | |
| 336 | |a Text |b txt |2 rdacontent | ||
| 337 | |a Computermedien |b c |2 rdamedia | ||
| 338 | |a Online-Ressource |b cr |2 rdacarrier | ||
| 773 | 0 | 8 | |i Enthalten in |t Revue de théologie et de philosophie |d Genf : ATAR, 1913 |g 16(1928), Seite 231-238 |h Online-Ressource |w (DE-627)792130901 |w (DE-600)2780028-3 |w (DE-576)41048640X |7 nnas |
| 773 | 1 | 8 | |g volume:16 |g year:1928 |g pages:231-238 |
| 856 | 4 | 0 | |u https://doi.org/10.5169/seals-380148 |x Resolving-System |z kostenfrei |3 Volltext |7 0 |
| 856 | 4 | 0 | |u https://www.e-periodica.ch/digbib/view?pid=rtp-003:1928:16::247 |x Verlag |z kostenfrei |3 Volltext |7 0 |
| 935 | |a mteo | ||
| 951 | |a AR | ||
| ELC | |a 1 | ||
| LOK | |0 000 xxxxxcx a22 zn 4500 | ||
| LOK | |0 001 4143382822 | ||
| LOK | |0 003 DE-627 | ||
| LOK | |0 004 1806058626 | ||
| LOK | |0 005 20220604053448 | ||
| LOK | |0 008 220604||||||||||||||||ger||||||| | ||
| LOK | |0 035 |a (DE-Tue135)IxTheo#2022-06-01#1AB221439929569D15FD85723BC37C86ACD9FC21 | ||
| LOK | |0 040 |a DE-Tue135 |c DE-627 |d DE-Tue135 | ||
| LOK | |0 092 |o n | ||
| LOK | |0 852 |a DE-Tue135 | ||
| LOK | |0 852 1 |9 00 | ||
| LOK | |0 935 |a ixzs |a ixrk |a zota | ||
| LOK | |0 939 |a 04-06-22 |b l01 | ||
| OAS | |a 1 | ||
| ORI | |a SA-MARC-ixtheoa001.raw | ||